Exposición dirigida por la Junta Directiva de la Unión Linera Española al Excmo. Sr. Ministro de Hacienda / (Record no. 190159)

MARC details
000 -LEADER
campo de control de longitud fija 00498nam a2200145 i 4500
001 - NÚMERO DE CONTROL
campo de control 190159
003 - IDENTIFICADOR DE NÚMERO DE CONTROL
campo de control ES-MaACL
005 - FECHA Y HORA DE LA ÚLTIMA TRANSACCIÓN
campo de control 20230906223644.0
008 - DATOS DE LONGITUD FIJA--INFORMACIÓN GENERAL
campo de control de longitud fija 200903s1890 sp |||| | spa d
110 2# - ENTRADA PRINCIPAL--NOMBRE DE ENTIDAD CORPORATIVA
Nombre de entidad corporativa o nombre de jurisdicción como elemento de entrada Unión Linera Española.
9 (RLIN) 170251
245 10 - MENCIÓN DEL TÍTULO
Título Exposición dirigida por la Junta Directiva de la Unión Linera Española al Excmo. Sr. Ministro de Hacienda /
Mención de responsabilidad, etc. .
260 ## - PUBLICACIÓN, DISTRIBUCIÓN, ETC.
Lugar de publicación, distribución, etc. Barcelona :
Nombre del editor, distribuidor, etc. [s.n.],
Fecha de publicación, distribución, etc. 1890 (
Fabricante Est. tip. "La Academia")
300 ## - DESCRIPCIÓN FÍSICA
Extensión 26 p. ;
Dimensiones cm.
852 ## - LOCALIZACIÓN
Ubicación ES-MaACL
Número de control de estantería T-508-F-9
Holdings
Estatus retirado Estado de pérdida Estado de daño No para préstamo Colección Biblioteca de origen Biblioteca actual Ubicación en estantería Fecha de adquisición Fuente de adquisición Total de préstamos Signatura topográfica completa Código de barras Visto por última vez Precio de reemplazo Tipo de ítem Koha
        Colección de folletos Biblioteca del Ateneo de Madrid Biblioteca del Ateneo de Madrid Depósito folletos 08/05/2005     T-508-F-9 1201903 23/02/2023 23/02/2023 Folleto